000 01525cam a22003491i 4500
003 SA-RiAUC
005 20240914152412.0
008 240910s1994 ua h g b 00110cara c
040 _aSA-AhKFU
_bara
_cSA-RiAUC
_erda
050 4 _b.I26 1994
050 4 _b.I24 1994
050 4 _bI2672. 1994
050 4 _b. j39 1994
082 0 4 _a920.02
_qSA-RiAUC
_bا ب ن ج
090 _a920.02
_bا ب ن ج
090 _a920
_bا ج أ
100 1 _aابن الجوزي، عبد الرحمن بن علي بن محمد،
_d508-597 هجري
_eمؤلف.
245 1 0 _aأعمار الأعيان /
_cجمال الدين أبي الفرج عبد الرحمن بن علي بن محمد بن الجوزي ؛ تحقيق محمود محمد الطناحي.
250 _aالطبعة الأولى.
264 1 _aالقاهرة :
_bمكتبة الخانجي،
_c1994
300 _a200 صفحة :
_bمثيليات ؛
_c24 سم
336 _aنص
_btxt
_2rdacontent
_3كتاب
337 _aبدون وسيط
_bn
_2rdamedia
338 _aمجلد
_bnc
_2rdacarrier
500 _aيشتمل على كشافات.
504 _aببليوجرافية : صفحة 174-197.
650 7 _aتراجم
_2aucsh
700 1 2 _iتحقيق لـ (عمل) :
_aابن الجوزي، عبد الرحمن بن علي بن محمد،
_d508-597 هجري.
_tأعمار الأعيان.
700 1 _aالطناحي، محمود محمد،
_d1935-1999
_eمحقق.
942 _2ddc
_cBOOK
949 _aSA-JeALM
_d240910
_umohamedma123
_n1
999 _c181
_d181